000 00545nam a2200193Ia 4500
005 20250508164150.0
008 008 250505s9999 xx 000 0 eng d
037 _aTextual
040 _aFEDL
_beng
_cFEDL
041 _aeng
_2eng
084 _a539.7, HEY
_qFEDL
100 _aHeyde K
245 0 _aBasic ideas and concepts in nuclear physics : An introductory approach
250 _a2nd
260 _aNew Delhi, India
_bOverseas Press
_c2005
300 _a524p.
942 _cTEXL
_h539.7, HEY
999 _c1387414
_d1387414